| 000 | 01248nam a2200385 i 4500 | ||
|---|---|---|---|
| 001 | 43317 | ||
| 003 | KOSZ 005 | ||
| 005 | 20191220100345.0 | ||
| 008 | 031010s2003 pl f f |000 0 pol | ||
| 020 | _a8301140518 | ||
| 040 |
_cKOSZ 005 _aKOSZ 005 _dKOSZ 005/HR |
||
| 041 | _apol | ||
| 046 | _k2003 | ||
| 080 | _a339.138 | ||
| 080 | _a(075.8) | ||
| 100 | 1 |
_aMichalski, Eugeniusz _d(1939- ) _eAutor |
|
| 245 | 1 | 0 |
_aMarketing : _bpodręcznik akademicki / _cEugeniusz Michalski. |
| 260 |
_aWarszawa : _bWydawnictwo Naukowe PWN, _c2003. |
||
| 300 |
_a644 s. ; _c24 cm. |
||
| 336 |
_2rdacontent _aTekst _btxt |
||
| 337 |
_2rdamedia _aBez urządzenia pośredniczącego _bn |
||
| 338 |
_2rdacarrier _aWolumin _bnc |
||
| 380 | _aKsiążki | ||
| 380 | _aPublikacje dydaktyczne | ||
| 385 |
_mPoziom nauczania _aSzkoły wyższe |
||
| 388 | _a2001- | ||
| 504 | _aBibliogr. - Indeks. | ||
| 658 | _aZarządzanie i marketing | ||
| 655 | 4 | _aPodręczniki akademickie | |
| 650 | 4 | _aMarketing | |
| 710 | 2 |
_aWydawnictwo Naukowe PWN _4pbl. |
|
| 856 |
_uhttp://koha.tu.koszalin.pl/cgi-bin/koha/opac-detail.pl?biblionumber=43317 _yKatalog online BPK |
||
| 856 |
_uhttp://libra.ibuk.pl/book/184206 _yIBUK |
||
| 942 |
_cKS _2UKD |
||
| 999 |
_c43317 _d43317 |
||